[Event "Satka Summer op"]
[Site "Satka"]
[Date "2014.07.04"]
[Round "3"]
[White "Myakota, Sergei"]
[Black "Logachiov, Aleksandr"]
[Result "1/2-1/2"]
[WhiteElo "2067"]
[BlackElo "2111"]
[PlyCount "94"]
[EventDate "2014.07.02"]
[EventType "swiss"]
[EventRounds "9"]
[EventCountry "RUS"]
[SourceTitle "CBM 161 Extra"]
[Source "ChessBase"]
[SourceDate "2014.08.29"]
[SourceVersion "1"]
[SourceVersionDate "2014.08.29"]
[SourceQuality "1"]

1. Nf3 d5 2. d4 c5 3. c4 e6 4. cxd5 exd5 5. g3 Nc6 6. Bg2 c4 7. 0-0 Nf6 8. Nc3 Be7 9. Ne5 0-0 10. e4 dxe4 11. Nxc6 bxc6 12. Nxe4 Rb8 13. Qc2 Qxd4 14. Rd1 Qb6 15. Qxc4 Be6 16. Qa4 Nxe4 17. Bxe4 Bc5 18. Qc2 Bg4 19. Rd3 Rbe8 20. Be3 Bxe3 21. Rxe3 f5 22. Rb3 Qd4 23. Bf3 Bxf3 24. Rxf3 f4 25. Rd1 Qe4 26. Qxe4 Rxe4 27. Rd7 Re2 28. Rxf4 Rxf4 29. gxf4 a5 30. Ra7 Rxb2 31. Rxa5 Kf7 32. Kg2 c5 33. a4 Ra2 34. Rxc5 Rxa4 35. Kg3 Ra2 36. h4 Ra3+ 37. Kg4 Ra2 38. Rf5+ Ke6 39. Re5+ Kf6 40. Kg3 Ra3+ 41. Re3 Ra5 42. Rb3 Ra1 43. Rb6+ Kf5 44. Rb5+ Kf6 45. h5 Rh1 46. Kg4 Rg1+ 47. Kf3 Rh1 1/2-1/2

[Event "Satka Summer op"]
[Site "Satka"]
[Date "2013.07.09"]
[Round "9"]
[White "Myakota, Sergei"]
[Black "Matveev, Vladimir1111"]
[Result "1/2-1/2"]
[WhiteElo "2049"]
[BlackElo "2345"]
[PlyCount "68"]
[EventDate "2013.07.02"]
[EventType "swiss"]
[EventRounds "9"]
[EventCountry "RUS"]
[SourceTitle "EXT 2014"]
[Source "ChessBase"]
[SourceDate "2013.11.20"]
[SourceVersion "1"]
[SourceVersionDate "2013.11.20"]
[SourceQuality "1"]

1. Nf3 Nf6 2. c4 g6 3. Nc3 Bg7 4. g3 0-0 5. Bg2 d6 6. 0-0 Nc6 7. Rb1 e5 8. d3 Nh5 9. b4 Qd7 10. Nd5 f5 11. b5 Nd8 12. Nd2 Ne6 13. f4 exf4 14. gxf4 c6 15. bxc6 bxc6 16. Nb4 Bb7 17. e3 a5 18. Nc2 Nc5 19. Nf3 Na4 20. Bd2 Nc5 21. Qe2 Rfe8 22. Nfd4 d5 23. cxd5 cxd5 24. Rb5 Ne6 25. Rfb1 Nxd4 26. Nxd4 Bxd4 27. Rxb7 Qe6 28. Qf2 Bxe3 29. Bxe3 Qxe3 30. Bxd5+ Kh8 31. Qxe3 Rxe3 32. Rf7 Rae8 33. Rbb7 Re1+ 34. Kf2 R1e2+ 1/2-1/2

[Event "Sverdlovsk Region-ch final"]
[Site "Ekaterinburg"]
[Date "2008.11.26"]
[Round "5"]
[White "Myakota, Sergei"]
[Black "Taborsky, Rostislav"]
[Result "0-1"]
[WhiteElo "2047"]
[BlackElo "2267"]
[PlyCount "66"]
[EventDate "2008.11.23"]
[EventType "swiss"]
[EventRounds "9"]
[EventCountry "RUS"]
[SourceTitle "EXT 2022"]
[Source "ChessBase"]
[SourceDate "2021.10.06"]
[SourceVersion "1"]
[SourceVersionDate "2021.10.06"]
[SourceQuality "1"]

1. Nf3 c5 2. c4 Nf6 3. Nc3 e6 4. g3 b6 5. Bg2 Bb7 6. 0-0 Be7 7. d4 cxd4 8. Qxd4 d6 9. Rd1 a6 10. b3 Nbd7 11. Bb2 0-0 12. Rac1 Qc7 13. Ng5 Bxg2 14. Kxg2 Qb7+ 15. f3 Rad8 16. Nge4 Ne8 17. Ba3 Nc5 18. b4 Nd7 19. Qe3 Ne5 20. Na4 Nxc4 21. Rxc4 b5 22. Rc2 bxa4 23. Rdc1 d5 24. Nc5 Qb5 25. Nd3 Nd6 26. Nb2 h6 27. Qd2 Bg5 28. f4 Bf6 29. Rc5 Qb7 30. Rc7 Qa8 31. R7c6 Nc4 32. Qd3 Qxc6 33. b5 axb5 0-1

[Event "Sverdlovsk Region-ch final"]
[Site "Ekaterinburg"]
[Date "2008.11.25"]
[Round "4"]
[White "Myakota, Sergei"]
[Black "Khudiakov, Igor"]
[Result "1/2-1/2"]
[WhiteElo "2047"]
[BlackElo "2314"]
[PlyCount "61"]
[EventDate "2008.11.23"]
[EventType "swiss"]
[EventRounds "9"]
[EventCountry "RUS"]
[SourceTitle "EXT 2022"]
[Source "ChessBase"]
[SourceDate "2021.10.06"]
[SourceVersion "1"]
[SourceVersionDate "2021.10.06"]
[SourceQuality "1"]

1. Nf3 e6 2. c4 b6 3. g3 Bb7 4. Bg2 f5 5. Nc3 Nf6 6. 0-0 Bb4 7. d3 0-0 8. Bf4 a5 9. Nb5 Na6 10. e4 fxe4 11. Ng5 Bc5 12. d4 h6 13. Nxe6 dxe6 14. dxc5 bxc5 15. Qe2 Qe7 16. Be5 Rf7 17. Bxf6 Qxf6 18. Nc3 Rb8 19. Rad1 e3 20. fxe3 Qe7 21. Rxf7 Qxf7 22. Bxb7 Rxb7 23. Rd8+ Kh7 24. Qd3+ Qf5 25. Qxf5+ exf5 26. Nd5 Nb4 27. Nxb4 axb4 28. Kf2 Rb6 29. Rd5 Ra6 30. Rxc5 Rxa2 31. Kf3 1/2-1/2